Analytical quadratics
Saved in:
| Main Author: | |
|---|---|
| Format: | Book |
| Language: | English |
| Published: |
Nueva York
Pergamon Press
1960
|
| Series: | Pure and Applied Mathematics, 14
|
| Subjects: | |
| Tags: |
Add Tag
No Tags, Be the first to tag this record!
|
MARC
| LEADER | 00000nam a2200000 a 4500 | ||
|---|---|---|---|
| 001 | UCP2620 | ||
| 003 | CL-VaPUC | ||
| 008 | 990520e19600000US |||||||||||||||||eng|d | ||
| 082 | 0 | 4 | |a 516.33 |b SPA |2 21 |
| 100 | 0 | |a Spain, Barry |e author |9 429503 | |
| 245 | 1 | 0 | |a Analytical quadratics |
| 300 | |a 135 p | ||
| 942 | |c BK | ||
| 945 | |d 19990520 00:00:00 |a crobeson | ||
| 260 | |a Nueva York |b Pergamon Press |c 1960 | ||
| 650 | 7 | |a GEOMETRIA DE ESPACIOS |2 CL-VaPUC |9 429504 | |
| 650 | 0 | |a Geometría analítica |9 260062 | |
| 583 | |a last modification |c 19990520 00:00:00 |k Rodrigo Vera | ||
| 490 | 0 | |a Pure and Applied Mathematics, 14 | |
| 999 | |c 281132 |d 281130 | ||
| 952 | |0 0 |1 0 |4 0 |6 516_330000000000000_SPA_1960 |7 0 |8 A |9 321798 |a BIBMAT |b BIBMAT |d 2019-11-20 |i 1346229 |o 516.33 SPA 1960 |p 1346229 |r 2025-01-07 |w 2019-11-20 |y BK |k MAT | ||